000
00282nam a22001337a 4500
008
170630b xxu||||| |||| 00| 0 eng d
020
_a
9780205698813
041
_a
eng
080
_a
11TH
100
_a
22
101
_a
GJL
245
_a
LITERATURE
_c
KENNEDY,X.J
942
_2
udc
_c
BK
999
_c
19739
_d
19739